000 00317nam a22001457a 4500
008 210511b ||||| |||| 00| 0 eng d
020 _a571752557200349900000005
041 _aeng
080 _22nd
_a004
082 _a004
100 _a28
101 _aSHKI
245 _aVBScript
_c Daniel Read
942 _2udc
_cBK
999 _c57182
_d57182